[Event "Girls U14 Polish Youth Championship"]
[Site "chess24.com"]
[Date "2018.05.03"]
[Round "6"]
[White "Libura, Julianna"]
[Black "Matyjasek, Michalina"]
[Result "1-0"]
[Board "13"]
[WhiteElo "1466"]
[WhiteCountry "POL"]
[WhiteFideId "21820708"]
[WhiteEloChange "7"]
[BlackElo "1361"]
[BlackCountry "POL"]
[BlackFideId "21816743"]
[BlackEloChange "-7"]

1. e4 {[%clk 1:30:56]} c5 {[%clk 1:30:57]} 2. Nf3 {[%clk 1:31:12]} Nc6 {[%clk
1:31:21]} 3. d4 {[%clk 1:31:29]} cxd4 {[%clk 1:31:46]} 4. Nxd4 {[%clk 1:31:52]}
g6 {[%clk 1:32:11]} 5. Nc3 {[%clk 1:32:01]} Bg7 {[%clk 1:32:31]} 6. Be3 {[%clk
1:32:18]} Nf6 {[%clk 1:32:55]} 7. Bc4 {[%clk 1:32:15]} O-O {[%clk 1:33:09]} 8.
Bb3 {[%clk 1:32:30]} d6 {[%clk 1:33:04]} 9. f3 {[%clk 1:32:24]} Bd7 {[%clk
1:33:06]} 10. Qd2 {[%clk 1:31:33]} Rc8 {[%clk 1:33:00]} 11. g4 {[%clk 1:29:08]}
Nxd4 {[%clk 1:16:15]} 12. Bxd4 {[%clk 1:29:18]} a6 {[%clk 0:59:11]} 13. h4 {[%clk
1:24:30]} e6 {[%clk 0:39:46]} 14. h5 {[%clk 1:21:30]} b5 {[%clk 0:27:53]} 15.
hxg6 {[%clk 1:19:56]} fxg6 {[%clk 0:28:13]} 16. Qh2 {[%clk 1:16:23]} Kf7 {[%clk
0:23:25]} 17. O-O-O {[%clk 1:08:52]} Qe7 {[%clk 0:11:52]} 18. e5 {[%clk 1:07:03]}
dxe5 {[%clk 0:07:18]} 19. Bxe5 {[%clk 1:07:24]} Rh8 {[%clk 0:07:02]} 20. Bd6
{[%clk 1:07:10]} Qe8 {[%clk 0:06:46]} 21. Qf4 {[%clk 1:06:00]} Kg8 {[%clk
0:06:44]} 22. Kb1 {[%clk 1:00:24]} Qf7 {[%clk 0:04:26]} 23. Be5 {[%clk 0:58:40]}
Bc6 {[%clk 0:03:57]} 24. Rd6 {[%clk 0:53:57]} Nd5 {[%clk 0:03:14]} 25. Nxd5
{[%clk 0:50:33]} Bxd5 {[%clk 0:03:01]} 26. Qxf7+ {[%clk 0:49:32]} Kxf7 {[%clk
0:03:18]} 27. Rd7+ {[%clk 0:49:54]} Ke8 {[%clk 0:03:38]} 28. Rxg7 {[%clk
0:50:00]} Rf8 {[%clk 0:02:33]} 29. Bxd5 {[%clk 0:49:57]} exd5 {[%clk 0:02:55]}
30. Rhxh7 {[%clk 0:50:12]} Rc6 {[%clk 0:02:39]} 31. Re7+ {[%clk 0:50:21]} Kd8
{[%clk 0:03:04]} 32. f4 {[%clk 0:50:39]} Rg8 {[%clk 0:02:19]} 33. Rd7+ {[%clk
0:50:50]} Kc8 {[%clk 0:02:43]} 34. Rc7+ {[%clk 0:51:10]} Rxc7 {[%clk 0:03:09]}
35. Rxc7+ {[%clk 0:51:32]} Kd8 {[%clk 0:03:28]} 36. Ra7 {[%clk 0:51:47]} Rh8
{[%clk 0:03:49]} 37. Bxh8 {[%clk 0:52:05]} 1-0

[Event "Girls U14 Polish Youth Championship"]
[Site "chess24.com"]
[Date "2018.05.03"]
[Round "6"]
[White "Slusarczyk, Milena"]
[Black "Kulpa, Karolina"]
[Result "1-0"]
[Board "14"]
[WhiteElo "1449"]
[WhiteCountry "POL"]
[WhiteFideId "21820198"]
[WhiteEloChange "6"]
[BlackElo "1288"]
[BlackCountry "POL"]
[BlackFideId "21836620"]
[BlackEloChange "-6"]

1. d4 {[%clk 1:30:58]} Nf6 {[%clk 1:30:46]} 2. Nf3 {[%clk 1:31:16]} c5 {[%clk
1:29:35]} 3. Bf4 {[%clk 1:29:54]} d5 {[%clk 1:27:56]} 4. e3 {[%clk 1:29:48]} Bg4
{[%clk 1:26:44]} 5. c3 {[%clk 1:27:19]} Qb6 {[%clk 1:22:48]} 6. Qc1 {[%clk
1:24:56]} Nbd7 {[%clk 1:18:07]} 7. Nbd2 {[%clk 1:23:01]} e6 {[%clk 1:16:18]} 8.
Bd3 {[%clk 1:21:57]} Be7 {[%clk 1:13:33]} 9. h3 {[%clk 1:18:46]} Bh5 {[%clk
1:13:13]} 10. Rb1 {[%clk 1:15:59]} O-O {[%clk 1:07:49]} 11. g4 {[%clk 1:11:42]}
Bg6 {[%clk 1:06:49]} 12. Bc2 {[%clk 1:10:31]} cxd4 {[%clk 1:03:35]} 13. exd4
{[%clk 1:10:44]} Ne4 {[%clk 0:53:34]} 14. h4 {[%clk 1:09:05]} f5 {[%clk 0:50:42]}
15. g5 {[%clk 1:04:18]} Bh5 {[%clk 0:47:05]} 16. Ne5 {[%clk 1:02:00]} Nxe5 {[%clk
0:42:32]} 17. Bxe5 {[%clk 1:02:12]} Bd6 {[%clk 0:39:36]} 18. Bxd6 {[%clk
0:49:15]} Qxd6 {[%clk 0:39:49]} 19. Nxe4 {[%clk 0:45:30]} fxe4 {[%clk 0:38:09]}
20. Bd1 {[%clk 0:41:41]} Bxd1 {[%clk 0:31:24]} 21. Qxd1 {[%clk 0:41:57]} Qf4
{[%clk 0:31:12]} 22. Qe2 {[%clk 0:38:22]} Rf7 {[%clk 0:25:06]} 23. Rd1 {[%clk
0:34:28]} Raf8 {[%clk 0:22:43]} 24. Rd2 {[%clk 0:34:00]} Rf5 {[%clk 0:19:26]} 25.
Qe3 {[%clk 0:31:59]} Qg4 {[%clk 0:17:31]} 26. Qh3 {[%clk 0:30:29]} Qf4 {[%clk
0:14:29]} 27. Qe3 {[%clk 0:30:17]} Qd6 {[%clk 0:12:56]} 28. Qe2 {[%clk 0:19:52]}
Rf3 {[%clk 0:11:32]} 29. c4 {[%clk 0:14:29]} Qf4 {[%clk 0:09:11]} 30. c5 {[%clk
0:10:13]} e3 {[%clk 0:08:51]} 31. Rd3 {[%clk 0:09:40]} exf2+ {[%clk 0:07:39]} 32.
Kf1 {[%clk 0:09:42]} Rxd3 {[%clk 0:07:28]} 33. Qxd3 {[%clk 0:09:34]} Qg4 {[%clk
0:05:47]} 34. Qd2 {[%clk 0:07:42]} Rf3 {[%clk 0:05:19]} 35. Qe2 {[%clk 0:06:46]}
Qf4 {[%clk 0:05:02]} 36. Qxe6+ {[%clk 0:05:37]} Kf8 {[%clk 0:04:59]} 37. Qd6+
{[%clk 0:03:30]} Qxd6 {[%clk 0:03:19]} 38. cxd6 {[%clk 0:03:48]} Ke8 {[%clk
0:03:38]} 39. Rh2 {[%clk 0:02:28]} Kd7 {[%clk 0:03:24]} 40. Rxf2 {[%clk 0:02:25]}
Rxf2+ {[%clk 0:03:10]} 41. Kxf2 {[%clk 0:02:49]} Kxd6 {[%clk 0:03:24]} 42. Ke3
{[%clk 0:02:22]} Ke6 {[%clk 0:03:05]} 43. Kf4 {[%clk 0:02:20]} g6 {[%clk
0:01:31]} 44. a4 {[%clk 0:01:41]} Kd6 {[%clk 0:00:51]} 45. b4 {[%clk 0:01:33]}
1-0

[Event "Girls U14 Polish Youth Championship"]
[Site "chess24.com"]
[Date "2018.05.03"]
[Round "6"]
[White "Pisarek, Elzbieta"]
[Black "Cieslak, Jessica"]
[Result "1/2-1/2"]
[Board "15"]
[WhiteElo "1434"]
[WhiteCountry "POL"]
[WhiteFideId "21826234"]
[WhiteEloChange "-2"]
[BlackElo "1357"]
[BlackCountry "POL"]
[BlackFideId "21819521"]
[BlackEloChange "2"]

1. e4 {[%clk 1:30:30]} c5 {[%clk 1:30:49]} 2. Nf3 {[%clk 1:30:53]} e6 {[%clk
1:31:03]} 3. c3 {[%clk 1:30:06]} Nc6 {[%clk 1:30:11]} 4. d4 {[%clk 1:29:29]} cxd4
{[%clk 1:30:15]} 5. cxd4 {[%clk 1:29:33]} Nf6 {[%clk 1:29:02]} 6. Nc3 {[%clk
1:26:42]} Bb4 {[%clk 1:26:11]} 7. Bd3 {[%clk 1:26:41]} O-O {[%clk 1:25:55]} 8.
O-O {[%clk 1:26:55]} d6 {[%clk 1:19:35]} 9. a3 {[%clk 1:22:19]} Ba5 {[%clk
1:19:39]} 10. b4 {[%clk 1:22:33]} Bc7 {[%clk 1:19:38]} 11. h3 {[%clk 1:17:33]} h6
{[%clk 1:14:44]} 12. Be3 {[%clk 1:16:12]} e5 {[%clk 1:13:40]} 13. d5 {[%clk
1:14:52]} Ne7 {[%clk 1:13:49]} 14. Nh2 {[%clk 1:06:40]} Ng6 {[%clk 1:13:11]} 15.
Ne2 {[%clk 1:05:10]} Re8 {[%clk 1:11:57]} 16. Qd2 {[%clk 1:01:50]} Bd7 {[%clk
1:04:15]} 17. Rac1 {[%clk 0:55:53]} Rc8 {[%clk 1:03:58]} 18. Ng3 {[%clk 0:54:17]}
a6 {[%clk 1:02:06]} 19. Kh1 {[%clk 0:49:16]} Bb6 {[%clk 0:52:56]} 20. Rxc8 {[%clk
0:45:34]} Bxc8 {[%clk 0:53:11]} 21. Ne2 {[%clk 0:44:35]} Bd7 {[%clk 0:50:58]} 22.
Rc1 {[%clk 0:43:21]} Bxe3 {[%clk 0:41:12]} 23. Qxe3 {[%clk 0:43:35]} Nh5 {[%clk
0:41:16]} 24. Nf3 {[%clk 0:35:09]} Nhf4 {[%clk 0:40:37]} 25. Nxf4 {[%clk
0:34:41]} Nxf4 {[%clk 0:40:56]} 26. Bb1 {[%clk 0:28:42]} Bb5 {[%clk 0:40:07]} 27.
Kh2 {[%clk 0:26:22]} Qd7 {[%clk 0:39:33]} 28. Nh4 {[%clk 0:24:40]} Ne2 {[%clk
0:38:33]} 29. Re1 {[%clk 0:23:40]} Nd4 {[%clk 0:37:01]} 30. f4 {[%clk 0:19:44]}
Qd8 {[%clk 0:34:43]} 31. Nf3 {[%clk 0:16:35]} Nxf3+ {[%clk 0:32:32]} 32. Qxf3
{[%clk 0:16:44]} exf4 {[%clk 0:30:49]} 33. Qxf4 {[%clk 0:16:42]} Qe7 {[%clk
0:30:41]} 34. Rc1 {[%clk 0:15:57]} Be2 {[%clk 0:25:05]} 35. Rc3 {[%clk 0:13:36]}
Bh5 {[%clk 0:24:47]} 36. Bd3 {[%clk 0:12:40]} Qd7 {[%clk 0:23:20]} 37. Qc1 {[%clk
0:11:33]} Qe7 {[%clk 0:22:08]} 38. Qf4 {[%clk 0:11:36]} Qd7 {[%clk 0:21:17]} 39.
Qc1 {[%clk 0:11:59]} Qe7 {[%clk 0:21:36]} 1/2-1/2

[Event "Girls U14 Polish Youth Championship"]
[Site "chess24.com"]
[Date "2018.05.03"]
[Round "6"]
[White "Wawrzyniak, Weronika"]
[Black "Bugaj, Hanna"]
[Result "1/2-1/2"]
[Board "16"]
[WhiteElo "1377"]
[WhiteCountry "POL"]
[WhiteFideId "21817596"]
[WhiteEloChange "1"]
[BlackElo "1427"]
[BlackCountry "POL"]
[BlackFideId "21829870"]
[BlackEloChange "-1"]

1. e4 {[%clk 1:30:47]} c5 {[%clk 1:30:53]} 2. Nf3 {[%clk 1:31:02]} Nc6 {[%clk
1:31:10]} 3. c4 {[%clk 1:28:16]} Nf6 {[%clk 1:31:14]} 4. Nc3 {[%clk 1:28:39]} e6
{[%clk 1:31:24]} 5. Be2 {[%clk 1:26:01]} Be7 {[%clk 1:31:37]} 6. O-O {[%clk
1:25:48]} O-O {[%clk 1:31:40]} 7. d4 {[%clk 1:23:22]} cxd4 {[%clk 1:11:14]} 8.
Nxd4 {[%clk 1:21:07]} d5 {[%clk 1:08:49]} 9. cxd5 {[%clk 1:13:37]} exd5 {[%clk
1:09:03]} 10. exd5 {[%clk 1:13:22]} Nxd5 {[%clk 1:08:46]} 11. Nxd5 {[%clk
1:13:24]} Qxd5 {[%clk 1:08:52]} 12. Nxc6 {[%clk 1:13:19]} Qxc6 {[%clk 1:09:02]}
13. Bf3 {[%clk 1:12:37]} Qb6 {[%clk 1:02:23]} 14. Re1 {[%clk 0:57:30]} Bf6 {[%clk
0:59:58]} 15. Qc2 {[%clk 0:53:19]} Be6 {[%clk 0:52:50]} 16. Be3 {[%clk 0:47:14]}
Qxb2 {[%clk 0:32:45]} 17. Qxb2 {[%clk 0:47:04]} Bxb2 {[%clk 0:33:05]} 18. Rab1
{[%clk 0:47:11]} Bc3 {[%clk 0:30:40]} 19. Rec1 {[%clk 0:46:51]} Bxa2 {[%clk
0:22:43]} 20. Rxb7 {[%clk 0:46:12]} Bf6 {[%clk 0:22:32]} 21. Rxa7 {[%clk
0:45:36]} Rxa7 {[%clk 0:22:51]} 22. Bxa7 {[%clk 0:45:59]} h6 {[%clk 0:19:54]} 23.
g3 {[%clk 0:44:53]} Rd8 {[%clk 0:19:09]} 24. Be3 {[%clk 0:42:16]} Be6 {[%clk
0:17:29]} 25. Kg2 {[%clk 0:42:36]} Rb8 {[%clk 0:17:06]} 26. Rc7 {[%clk 0:41:13]}
Rc8 {[%clk 0:15:59]} 27. Ra7 {[%clk 0:41:26]} Rb8 {[%clk 0:14:53]} 28. Be4 {[%clk
0:41:24]} h5 {[%clk 0:12:49]} 29. Bf4 {[%clk 0:40:18]} Rc8 {[%clk 0:11:51]} 30.
Ra8 {[%clk 0:38:28]} Rxa8 {[%clk 0:12:09]} 31. Bxa8 {[%clk 0:38:51]} Kf8 {[%clk
0:10:04]} 1/2-1/2

[Event "Girls U14 Polish Youth Championship"]
[Site "chess24.com"]
[Date "2018.05.03"]
[Round "6"]
[White "Mucha, Marta"]
[Black "Szczypawka, Aleksandra"]
[Result "0-1"]
[Board "17"]
[WhiteElo "1432"]
[WhiteCountry "POL"]
[WhiteFideId "1195123"]
[WhiteEloChange "-9"]
[BlackElo "1483"]
[BlackCountry "POL"]
[BlackFideId "21816794"]
[BlackEloChange "9"]

1. d4 {[%clk 1:30:51]} g6 {[%clk 1:30:55]} 2. Nf3 {[%clk 1:31:04]} Bg7 {[%clk
1:31:20]} 3. e3 {[%clk 1:31:02]} Nf6 {[%clk 1:31:39]} 4. Be2 {[%clk 1:30:54]} O-O
{[%clk 1:32:01]} 5. O-O {[%clk 1:29:34]} d6 {[%clk 1:32:26]} 6. c4 {[%clk
1:28:50]} Nbd7 {[%clk 1:32:41]} 7. Nc3 {[%clk 1:26:02]} e5 {[%clk 1:31:49]} 8.
Qc2 {[%clk 1:22:49]} Qe7 {[%clk 1:28:05]} 9. Re1 {[%clk 1:18:32]} c6 {[%clk
1:25:45]} 10. dxe5 {[%clk 1:15:51]} dxe5 {[%clk 1:26:03]} 11. b3 {[%clk 1:14:13]}
Ne8 {[%clk 1:20:20]} 12. Bb2 {[%clk 1:12:17]} f5 {[%clk 1:18:26]} 13. Rad1 {[%clk
1:10:21]} g5 {[%clk 1:06:03]} 14. Nd2 {[%clk 1:03:43]} g4 {[%clk 1:01:46]} 15. e4
{[%clk 1:01:54]} Nc5 {[%clk 0:51:22]} 16. Ba3 {[%clk 0:57:44]} f4 {[%clk
0:46:33]} 17. f3 {[%clk 0:52:35]} h5 {[%clk 0:41:26]} 18. Rf1 {[%clk 0:50:02]} b6
{[%clk 0:40:02]} 19. Na4 {[%clk 0:48:50]} g3 {[%clk 0:33:36]} 20. Kh1 {[%clk
0:45:10]} Qh4 {[%clk 0:32:17]} 21. h3 {[%clk 0:44:33]} Bxh3 {[%clk 0:32:37]} 0-1

[Event "Girls U14 Polish Youth Championship"]
[Site "chess24.com"]
[Date "2018.05.03"]
[Round "6"]
[White "Wysocka, Edyta"]
[Black "Jedrzejko, Martyna"]
[Result "0-1"]
[Board "18"]
[WhiteElo "1301"]
[WhiteCountry "POL"]
[WhiteFideId "21836663"]
[WhiteEloChange "-5"]
[BlackElo "1482"]
[BlackCountry "POL"]
[BlackFideId "21820422"]
[BlackEloChange "5"]

1. e4 {[%clk 1:30:58]} e6 {[%clk 1:30:40]} 2. d4 {[%clk 1:31:21]} d5 {[%clk
1:31:04]} 3. Nc3 {[%clk 1:31:34]} dxe4 {[%clk 1:30:53]} 4. Nxe4 {[%clk 1:31:57]}
Bd7 {[%clk 1:31:13]} 5. Nf3 {[%clk 1:31:49]} Bc6 {[%clk 1:30:54]} 6. Bd3 {[%clk
1:30:47]} Nd7 {[%clk 1:30:34]} 7. O-O {[%clk 1:29:34]} Ngf6 {[%clk 1:30:15]} 8.
Bg5 {[%clk 1:22:35]} Be7 {[%clk 1:28:53]} 9. Nxf6+ {[%clk 1:22:43]} Bxf6 {[%clk
1:26:42]} 10. Bxf6 {[%clk 1:23:06]} Qxf6 {[%clk 1:23:59]} 11. c3 {[%clk 1:16:07]}
Bxf3 {[%clk 1:12:21]} 12. Qxf3 {[%clk 1:16:30]} Qxf3 {[%clk 1:12:37]} 13. gxf3
{[%clk 1:16:57]} O-O-O {[%clk 1:12:09]} 14. Kh1 {[%clk 1:17:14]} Nf6 {[%clk
1:11:18]} 15. a4 {[%clk 1:15:38]} c5 {[%clk 1:07:59]} 16. Rfc1 {[%clk 1:09:59]}
Kb8 {[%clk 1:06:54]} 17. a5 {[%clk 1:09:57]} cxd4 {[%clk 1:04:36]} 18. c4 {[%clk
1:10:06]} Rc8 {[%clk 0:59:39]} 19. b4 {[%clk 1:09:29]} a6 {[%clk 0:53:05]} 20. b5
{[%clk 1:08:46]} axb5 {[%clk 0:51:20]} 21. cxb5 {[%clk 1:09:14]} Rxc1+ {[%clk
0:50:24]} 22. Rxc1 {[%clk 1:09:42]} Rc8 {[%clk 0:49:30]} 23. Ra1 {[%clk 1:09:40]}
Rc3 {[%clk 0:48:17]} 24. Rd1 {[%clk 1:08:33]} Nh5 {[%clk 0:37:33]} 25. Bxh7
{[%clk 1:04:21]} Nf4 {[%clk 0:35:55]} 26. h4 {[%clk 1:01:10]} Rxf3 {[%clk
0:31:43]} 27. b6 {[%clk 0:44:50]} Rh3+ {[%clk 0:24:25]} 28. Kg1 {[%clk 0:45:18]}
Rxh4 {[%clk 0:23:59]} 29. Bc2 {[%clk 0:44:40]} Rh5 {[%clk 0:20:14]} 30. Ra1
{[%clk 0:44:23]} d3 {[%clk 0:18:52]} 31. Rd1 {[%clk 0:44:11]} Rd5 {[%clk
0:18:38]} 32. Bb1 {[%clk 0:44:18]} d2 {[%clk 0:17:01]} 33. Kh2 {[%clk 0:44:15]}
Ne2 {[%clk 0:16:41]} 34. Bc2 {[%clk 0:43:57]} Nc3 {[%clk 0:15:58]} 0-1

[Event "Girls U14 Polish Youth Championship"]
[Site "chess24.com"]
[Date "2018.05.03"]
[Round "6"]
[White "Hals, Emilia"]
[Black "Siekanska, Zuzanna"]
[Result "0-1"]
[Board "19"]
[WhiteElo "1335"]
[WhiteCountry "POL"]
[WhiteFideId "21816603"]
[WhiteEloChange "-7"]
[BlackElo "1434"]
[BlackCountry "POL"]
[BlackFideId "21852537"]
[BlackEloChange "7"]

1. e4 {[%clk 1:30:58]} c5 {[%clk 1:30:54]} 2. Nf3 {[%clk 1:31:20]} e6 {[%clk
1:31:18]} 3. d4 {[%clk 1:31:31]} cxd4 {[%clk 1:31:39]} 4. Nxd4 {[%clk 1:31:53]}
Nf6 {[%clk 1:32:00]} 5. Nc3 {[%clk 1:31:26]} d6 {[%clk 1:32:13]} 6. Be2 {[%clk
1:29:32]} Be7 {[%clk 1:32:31]} 7. Be3 {[%clk 1:27:43]} a6 {[%clk 1:31:17]} 8. O-O
{[%clk 1:24:59]} O-O {[%clk 1:31:16]} 9. Qd2 {[%clk 1:22:28]} Nc6 {[%clk
1:29:21]} 10. f4 {[%clk 1:18:06]} e5 {[%clk 1:26:54]} 11. fxe5 {[%clk 1:06:40]}
Nxe5 {[%clk 1:27:07]} 12. Nf5 {[%clk 1:04:25]} b5 {[%clk 1:24:28]} 13. Nxe7+
{[%clk 0:59:15]} Qxe7 {[%clk 1:24:39]} 14. Bg5 {[%clk 0:57:43]} Bb7 {[%clk
1:17:40]} 15. Bxf6 {[%clk 0:54:06]} gxf6 {[%clk 1:17:55]} 16. Nd5 {[%clk
0:45:01]} Bxd5 {[%clk 1:16:27]} 17. exd5 {[%clk 0:44:48]} Ng6 {[%clk 1:15:01]}
18. Rae1 {[%clk 0:43:33]} Kg7 {[%clk 1:10:30]} 19. Kh1 {[%clk 0:41:54]} Qc7
{[%clk 1:05:55]} 20. Rf3 {[%clk 0:33:56]} h5 {[%clk 1:01:47]} 21. Rf5 {[%clk
0:31:26]} h4 {[%clk 1:00:50]} 22. Ref1 {[%clk 0:30:25]} Qe7 {[%clk 1:00:27]} 23.
Bd3 {[%clk 0:26:01]} Rh8 {[%clk 0:58:53]} 24. Qf2 {[%clk 0:24:27]} Rag8 {[%clk
0:49:57]} 25. Rxf6 {[%clk 0:21:50]} Ne5 {[%clk 0:50:05]} 26. Be2 {[%clk 0:18:06]}
Kf8 {[%clk 0:46:41]} 27. h3 {[%clk 0:14:01]} Rg3 {[%clk 0:44:03]} 28. Bg4 {[%clk
0:12:32]} Rh7 {[%clk 0:42:52]} 29. Qf5 {[%clk 0:05:49]} Nxg4 {[%clk 0:38:30]} 30.
hxg4 {[%clk 0:05:16]} h3 {[%clk 0:32:04]} 31. Kh2 {[%clk 0:05:03]} Rxg2+ {[%clk
0:20:34]} 32. Kh1 {[%clk 0:05:06]} Rg7 {[%clk 0:19:22]} 33. Qc8+ {[%clk 0:04:36]}
Qe8 {[%clk 0:19:41]} 34. Qxa6 {[%clk 0:03:07]} R2xg4 {[%clk 0:15:26]} 35. Qxd6+
{[%clk 0:02:46]} Kg8 {[%clk 0:15:42]} 36. R6f3 {[%clk 0:01:59]} h2 {[%clk
0:14:10]} 37. Qxh2 {[%clk 0:01:13]} Rh7 {[%clk 0:14:24]} 38. Qxh7+ {[%clk
0:01:29]} Kxh7 {[%clk 0:14:46]} 39. Rxf7+ {[%clk 0:01:53]} Rg7 {[%clk 0:14:45]}
40. Rxg7+ {[%clk 0:01:01]} Kxg7 {[%clk 0:15:02]} 41. d6 {[%clk 0:00:52]} Qh5+
{[%clk 0:15:13]} 42. Kg2 {[%clk 0:01:05]} Qg6+ {[%clk 0:15:31]} 43. Kf2 {[%clk
0:00:37]} Qxd6 {[%clk 0:15:52]} 44. Ke2 {[%clk 0:00:59]} Qe5+ {[%clk 0:16:04]}
45. Kd1 {[%clk 0:01:17]} Qxb2 {[%clk 0:16:21]} 0-1

[Event "Girls U14 Polish Youth Championship"]
[Site "chess24.com"]
[Date "2018.05.03"]
[Round "6"]
[White "Reszka, Zofia"]
[Black "Anyz, Monika"]
[Result "0-1"]
[Board "20"]
[WhiteElo "1286"]
[WhiteCountry "POL"]
[WhiteFideId "21813930"]
[WhiteEloChange "-8"]
[BlackElo "1349"]
[BlackCountry "POL"]
[BlackFideId "21816530"]
[BlackEloChange "8"]

1. e4 {[%clk 1:30:57]} c5 {[%clk 1:30:51]} 2. Nf3 {[%clk 1:31:09]} d6 {[%clk
1:31:10]} 3. d4 {[%clk 1:31:32]} cxd4 {[%clk 1:31:32]} 4. Nxd4 {[%clk 1:31:52]}
Nf6 {[%clk 1:31:51]} 5. Nc3 {[%clk 1:31:53]} g6 {[%clk 1:32:13]} 6. Be3 {[%clk
1:31:38]} Bg7 {[%clk 1:32:34]} 7. f3 {[%clk 1:31:30]} O-O {[%clk 1:32:53]} 8. Qd2
{[%clk 1:31:10]} Nc6 {[%clk 1:33:07]} 9. g4 {[%clk 1:30:09]} Bxg4 {[%clk
1:18:34]} 10. fxg4 {[%clk 1:25:39]} Nxg4 {[%clk 1:18:46]} 11. Nf3 {[%clk
1:21:27]} Nb4 {[%clk 0:59:22]} 12. Bd3 {[%clk 1:14:55]} Rc8 {[%clk 0:57:05]} 13.
Bd4 {[%clk 1:10:46]} Bh6 {[%clk 0:46:27]} 14. Qg2 {[%clk 1:05:11]} Ne3 {[%clk
0:41:37]} 15. Bxe3 {[%clk 1:02:56]} Bxe3 {[%clk 0:42:00]} 16. h4 {[%clk 1:01:21]}
h5 {[%clk 0:36:28]} 17. Ng5 {[%clk 0:55:12]} Qa5 {[%clk 0:31:48]} 18. Qg3 {[%clk
0:48:11]} Nxd3+ {[%clk 0:23:45]} 19. cxd3 {[%clk 0:47:29]} Rxc3 {[%clk 0:23:33]}
20. bxc3 {[%clk 0:46:30]} Qxc3+ {[%clk 0:23:57]} 21. Ke2 {[%clk 0:46:14]} Qd2+
{[%clk 0:24:11]} 22. Kf3 {[%clk 0:45:11]} Qxd3 {[%clk 0:24:13]} 23. Kg2 {[%clk
0:44:42]} Qd2+ {[%clk 0:23:52]} 24. Kh3 {[%clk 0:44:07]} Bf2 {[%clk 0:21:44]} 25.
Qg2 {[%clk 0:39:11]} Rc8 {[%clk 0:12:04]} 26. Rhf1 {[%clk 0:35:30]} Rc2 {[%clk
0:06:08]} 27. Qf3 {[%clk 0:28:01]} f6 {[%clk 0:01:32]} 28. Rad1 {[%clk 0:26:19]}
Qe3 {[%clk 0:01:19]} 29. Qxe3 {[%clk 0:24:57]} Bxe3 {[%clk 0:01:42]} 30. Ne6
{[%clk 0:25:09]} Rxa2 {[%clk 0:02:08]} 31. Rf3 {[%clk 0:24:44]} Bb6 {[%clk
0:02:25]} 32. Rg3 {[%clk 0:24:52]} Rf2 {[%clk 0:02:22]} 33. Rdg1 {[%clk 0:23:26]}
Kf7 {[%clk 0:02:23]} 34. Ng5+ {[%clk 0:22:15]} fxg5 {[%clk 0:02:38]} 35. Rxg5
{[%clk 0:22:37]} Rf6 {[%clk 0:02:54]} 36. Rb1 {[%clk 0:22:21]} Be3 {[%clk
0:02:23]} 37. Rg3 {[%clk 0:22:31]} Bf2 {[%clk 0:02:46]} 38. Rc3 {[%clk 0:21:56]}
b6 {[%clk 0:02:55]} 39. Rc7 {[%clk 0:21:52]} a5 {[%clk 0:03:18]} 40. Rc2 {[%clk
0:21:30]} Bc5 {[%clk 0:03:43]} 41. Ra2 {[%clk 0:21:37]} Ke6 {[%clk 0:03:39]} 42.
Kg3 {[%clk 0:21:25]} Ke5 {[%clk 0:03:42]} 43. Re1 {[%clk 0:21:30]} Bb4 {[%clk
0:03:58]} 44. Ree2 {[%clk 0:21:33]} b5 {[%clk 0:04:01]} 45. Rab2 {[%clk 0:20:08]}
e6 {[%clk 0:04:04]} 46. Re3 {[%clk 0:19:43]} Kd4 {[%clk 0:04:03]} 47. Rf3 {[%clk
0:19:28]} Rxf3+ {[%clk 0:04:26]} 48. Kxf3 {[%clk 0:19:49]} Kc3 {[%clk 0:04:52]}
49. Rg2 {[%clk 0:20:04]} a4 {[%clk 0:05:13]} 50. Ke2 {[%clk 0:19:50]} a3 {[%clk
0:04:43]} 51. Kd1 {[%clk 0:20:14]} Kb3 {[%clk 0:04:42]} 52. Rg3+ {[%clk 0:19:41]}
Bc3 {[%clk 0:05:04]} 53. Ke2 {[%clk 0:19:29]} a2 {[%clk 0:05:27]} 54. Rg1 {[%clk
0:19:49]} a1Q {[%clk 0:05:43]} 55. Rxa1 {[%clk 0:20:12]} Bxa1 {[%clk 0:06:07]}
56. Kd3 {[%clk 0:20:36]} Be5 {[%clk 0:06:15]} 57. Ke3 {[%clk 0:20:43]} Kc3 {[%clk
0:04:39]} 58. Kf3 {[%clk 0:21:02]} b4 {[%clk 0:05:02]} 59. Ke3 {[%clk 0:21:17]}
b3 {[%clk 0:05:25]} 60. Ke2 {[%clk 0:21:35]} b2 {[%clk 0:05:45]} 61. Kf2 {[%clk
0:21:18]} b1Q {[%clk 0:05:33]} 62. Ke3 {[%clk 0:21:41]} Qe1+ {[%clk 0:05:51]} 63.
Kf3 {[%clk 0:22:00]} Qg3+ {[%clk 0:05:53]} 64. Ke2 {[%clk 0:22:20]} Kd4 {[%clk
0:06:07]} 65. Kd2 {[%clk 0:22:39]} Qg2+ {[%clk 0:06:29]} 66. Kd1 {[%clk 0:22:58]}
Kd3 {[%clk 0:06:41]} 67. Ke1 {[%clk 0:23:24]} Qe2# {[%clk 0:07:01]} 0-1